| 000 | 01116nam a2200265 i 4500 | ||
|---|---|---|---|
| 003 | EG-ScBUE | ||
| 005 | 20240214103308.0 | ||
| 008 | 100617s19581959u a f 000 0 ara d | ||
| 040 |
_aEG-ScBUE _bara _erda _cEG-ScBUE _dEG-ScBUE |
||
| 043 | _af-ua--- | ||
| 082 | 0 | 4 |
_222 _a962.02 _bج ب ر |
| 100 | 1 |
_914864 _aجبرتي، عبد الرحمن بن حسن _d1167-1237هـ، _eمؤلف. |
|
| 245 | 1 | 2 |
_aالمختار من تاريخ الجبرتي / _cاختيار محمد قنديل البقلي. |
| 264 | 1 |
_aالقاهرة : _bمطابع الشعب، _c1958-1959. |
|
| 300 |
_a9 أجزاء في 1 مجلد : _bإيضاحيات ؛ _c32 سم. |
||
| 336 |
_2rdacontent _aنص _btxt |
||
| 337 |
_2rdamedia _aبدون وسيط _bn |
||
| 338 |
_2rdacarrier _aمجلد _bnc |
||
| 490 | 0 |
_aكتاب الشعب ؛ _v27 |
|
| 651 | 7 |
_2BUEsh _aمصر _xتاريخ _yالحملة الفرنسية (1798-1801 م.). |
|
| 651 | 7 |
_2BUEsh _aمصر _xتاريخ _yالعصر العثماني (1517-1914 م.). |
|
| 655 | _vReading book | ||
| 700 | 1 |
_914869 _aبقلي، محمد قنديل، _eجامع. |
|
| 942 |
_2ddc _cBB |
||
| 999 |
_c14111 _d14111 |
||